000 00871nam a22002657a 4500
001 8983
003 FISKH
005 20260305141834.0
008 251112b cb ||||| |||| 00| 0 eng d
020 _a9781740898065
040 _aFISKH
_beng
_cFISKH
_dFISKH
050 _aPZ7
082 _a577.58
100 _aCoupe, Robert
_eAuthor
245 _aExtremes :
_bTop readers /
_cRobert Coupe
260 _aSydney :
_bWeldon Owen ,
_c2008
300 _a32 pages :
_bcolor illustrations ;
_c23 cm
505 _aP
520 _aExtreme is not ordinary. People and animals can survive in places that are extremely hot, cold, wet or dry. Hurricanes, tornadoes, volcanoes and earthquakes can hit even the most ordinary places.
521 8 _a650
_bLexile estimate
521 8 _aP
_bRaz-Plus
650 _aNon-fiction
_vScience
942 _2ddc
_cBK
_n0
999 _c8983
_d8983